| 000 | 00618nam a2200205Ia 4500 | ||
|---|---|---|---|
| 003 | OSt | ||
| 005 | 20230223105439.0 | ||
| 008 | 210716s2011 xx 000 0 und d | ||
| 020 | _a9788120351301 | ||
| 040 | _cAIMIT LIBRARY | ||
| 041 | _aeng | ||
| 082 |
_a332.64 _22 _bKEVS |
||
| 100 |
_aKevin, S. _972996 |
||
| 245 |
_aSecurity analysis and portfolio management / _cBy S. Kevin. |
||
| 250 | _a2nd ed. | ||
| 260 |
_aNew Delhi : _bPHI Learning private limited , _c2011. |
||
| 300 |
_axvi,344p. ; _bPB _c23.5 cm. |
||
| 650 |
_aInvestment Analysis & Portfolio Management _972997 |
||
| 942 |
_2ddc _cBK _e2nd _k332.64 KEVS |
||
| 999 |
_c209871 _d209871 |
||